000 00350nam a22001217a 4500
003 SGT
082 _a891.4309
_bJ52A
100 _aअरविन्द दी
245 _aजीवन का लक्ष्य
260 _bमदर्स इंस्टिट्यूट ऑफ़ रिसर्च
_c1952
300 _a324
942 _2ddc
_cBK
999 _c30208
_d30208